Normal view
MARC view
- Sindhi, Ghulam Haider Prof. Dr.
Entry Personal Name
001 - CONTROL NUMBER
- control field: 17517
003 - CONTROL NUMBER IDENTIFIER
- control field: NUST
005 - DATE AND TIME OF LATEST TRANSACTION
- control field: 20190712104548.0
008 - FIXED-LENGTH DATA ELEMENTS
- fixed length control field: 190712|| aca||aabn | a|a d
040 ## - CATALOGING SOURCE
- Original cataloging agency: NUST
- Transcribing agency: NUST
100 ## - HEADING--PERSONAL NAME
- Personal name: Sindhi, Ghulam Haider Prof. Dr.
670 ## - SOURCE DATA FOUND
- Source citation: Work cat.: (NUST): Sindhi, Ghulam Haider Prof. Dr., Hayat-e-Qalandar Shahbaz \, 2006.
